Disney Movies by Main Character - Statistics

General Stats
  • This quiz has been taken 162 times
  • The average score is 15 of 16
Answer Stats
Picture Answer % Correct
Cars
99%
Frozen
99%
Finding Nemo
98%
The Lion King
98%
Toy Story
97%
Up
95%
Ratatouille
93%
Tangled
93%
WALL-E
93%
Coco
92%
Finding Dory
91%
Inside Out
91%
Brave
90%
Little Mermaid
87%
Encanto
85%
Luca
79%
No matching quizzes found
Score Distribution
Percent of People with Each Score
Percentile by Number Answered
Your Score History
You have not taken this quiz